Statistics for NFL All-Time Interceptions Leaders

Click here to take the quiz!

General Stats

  • This quiz has been taken 1,830 times
    (1,666 since last reset)
  • The average score is 5 of 20

Answer Stats

RankIntPlayer% Correct
371Rod Woodson
68%
1955Charles Woodson
67%
468Dick Lane
65%
1061Ed Reed
61%
63Ronnie Lott
48%
181Paul Krause
33%
1257Mel Blount
27%
862Dave Brown
22%
55Aeneas Williams
21%
1158Emmitt Thomas
17%
279Emlen Tunnell
15%
663Darren Sharper
12%
62Dick LeBeau
12%
1756Lem Barney
11%
57Everson Walls
9%
57Eugene Robinson
8%
565Ken Riley
8%
57Johnny Robinson
7%
56Pat Fischer
5%
57Bobby Boyd
4%

Score Distribution

Percentile by Number Answered

Percent of People with Each Score

Your Score History

You have not taken this quiz since the last reset